000 00825cab a2200289 4500
001 ABS49700
008 090401t1993 xxu||||| |||| 00| 0 eng d
035 _a(Sirsi) u72410
041 _aeng
100 _aMcQueen, J.
245 _aWhen the partnership ends
260 _c1993
350 _a0
490 _aValuer (ISVA)
_vNovember 1993, 23(1)
520 _aWarns of the liabilities of partners when a partnership faces insolvency.
650 _aCOMPANIES ACT 1985
650 _aCOMPANY DIRECTORS DISQUALIFICATION ACT 1986
650 _aINSOLVENCY ACT 1986
650 _aInsolvency
_96247
650 _aLIABILITY
650 _aPARTNERS
650 _aPARTNERSHIP ACT 1907
650 _aPARTNERSHIP
690 _aMANAGEMENT-BUSINESS MANAGEMENT-PROFESSIONAL PRACTICE
942 _n0
948 _c04/03/1997
999 _c45751
_d45751